| 000 | 00831nam a2200229 a 4500 | ||
|---|---|---|---|
| 001 | 45454 | ||
| 003 | BD-RjUL | ||
| 005 | 20211209054021.0 | ||
| 008 | 160726s1970 nyu b 00000 eng | ||
| 035 | _a(BD-RjUL)45572 | ||
| 040 |
_aBD-RjUL _beng _cBD-RjUL _dBD-RjUL |
||
| 041 | _aeng | ||
| 082 |
_a338.91 _223 _bDUB 1970 |
||
| 100 | 1 |
_aDuckworth-Barker, Vernon, _d1908- _9139164 |
|
| 245 | 1 | 0 |
_aBreakthrough to tomorrow : _bthe story of international co-operation for development through the United Nations / _cVernon Duckworth-Barker |
| 260 | 0 |
_aNew York : _bUnited Nations, _c1970. |
|
| 300 |
_aiii, 70 p. ; _c21 cm. |
||
| 500 | _aUnited Nations Center for Economic and Social Information. | ||
| 651 |
_aUnited Nations _vTechnical assistance. _9139165 |
||
| 651 |
_aUnited Nations _vEconomic assistance. _9139166 |
||
| 942 |
_2ddc _cBK |
||
| 999 |
_c45454 _d45454 |
||